[Event "Bratto op-A 28th"]
[Site "Bratto"]
[Date "2008.08.25"]
[Round "4"]
[White "Damia, Angelo"]
[Black "Andreoli, Renato"]
[Result "1-0"]
[WhiteElo "2247"]
[BlackElo "2139"]
[PlyCount "63"]
[EventDate "2008.08.22"]
[EventType "swiss"]
[EventRounds "9"]
[EventCountry "ITA"]
[SourceTitle "EXT 2010"]
[Source "ChessBase"]
[SourceDate "2010.11.25"]
[SourceVersion "1"]
[SourceVersionDate "2010.11.25"]
[SourceQuality "1"]

1. e4 e5 2. Nf3 Nc6 3. Nc3 Nf6 4. a3 g6 5. Nxe5 Nxe5 6. d4 Nc6 7. d5 Bg7 8. dxc6 bxc6 9. Bc4 0-0 10. 0-0 Re8 11. Qf3 Bb7 12. Bg5 h6 13. Bh4 g5 14. Bg3 d5 15. Rad1 Nxe4 16. Nxe4 Rxe4 17. Bd3 Re8 18. Qf5 Bc8 19. Qh7+ Kf8 20. f4 g4 21. f5 Qf6 22. Bxc7 Bd7 23. Bg3 c5 24. Rf4 c4 25. Rxg4 cxd3 26. Rxg7 Ke7 27. Rxf7+ Qxf7 28. Bd6+ Kxd6 29. Qxf7 Rf8 30. Qg6+ Kc7 31. Rxd3 Rxf5 32. Qg3+ 1-0

[Event "Bratto op-A 27th"]
[Site "Bratto"]
[Date "2007.08.30"]
[Round "8"]
[White "Bonazzi, Edoardo"]
[Black "Andreoli, Renato"]
[Result "1-0"]
[WhiteElo "2185"]
[BlackElo "2145"]
[PlyCount "107"]
[EventDate "2007.08.23"]
[EventType "swiss"]
[EventRounds "9"]
[EventCountry "ITA"]
[SourceTitle "CBM 120 Extra"]
[Source "ChessBase"]
[SourceDate "2007.11.01"]
[SourceVersion "1"]
[SourceVersionDate "2007.11.01"]
[SourceQuality "1"]

1. Nf3 Nf6 2. c4 e6 3. g3 d5 4. b3 Be7 5. Bg2 0-0 6. 0-0 c5 7. e3 Nc6 8. Bb2 b6 9. Nc3 Bb7 10. cxd5 Nxd5 11. Nxd5 Qxd5 12. d4 Rad8 13. Ne5 Qd6 14. Nxc6 Bxc6 15. Qg4 cxd4 16. Bxc6 Qxc6 17. Bxd4 g6 18. Rac1 Qb5 19. Rc7 Rd7 20. Rfc1 Rfd8 21. Qf4 Qd5 22. Rxd7 Rxd7 23. Rc8+ Rd8 24. Rc7 g5 25. Qe5 Qxe5 26. Bxe5 Bd6 27. Bxd6 Rxd6 28. Rxa7 Rd2 29. g4 Kg7 30. Kg2 Kg6 31. Kg3 h6 32. f3 b5 33. h4 gxh4+ 34. Kxh4 Re2 35. e4 e5 36. Ra6+ f6 37. Ra7 Rh2+ 38. Kg3 Rb2 39. Ra6 Kg5 40. Ra8 Kg6 41. Rg8+ Kf7 42. Rb8 Rxa2 43. Rxb5 Rb2 44. Rb7+ Kg6 45. b4 h5 46. gxh5+ Kxh5 47. b5 Kg5 48. Rb8 f5 49. b6 f4+ 50. Kh3 Kg6 51. b7 Kg7 52. Kg4 Rb5 53. Kf5 Kh7 54. Kf6 1-0

[Event "Bratto op-A 27th"]
[Site "Bratto"]
[Date "2007.08.28"]
[Round "6"]
[White "Bellia, Fabrizio"]
[Black "Andreoli, Renato"]
[Result "0-1"]
[WhiteElo "2405"]
[BlackElo "2145"]
[PlyCount "82"]
[EventDate "2007.08.23"]
[EventType "swiss"]
[EventRounds "9"]
[EventCountry "ITA"]
[SourceTitle "CBM 120 Extra"]
[Source "ChessBase"]
[SourceDate "2007.11.01"]
[SourceVersion "1"]
[SourceVersionDate "2007.11.01"]
[SourceQuality "1"]

1. e4 e5 2. Nf3 Nc6 3. Bb5 Nf6 4. 0-0 Nxe4 5. d4 Be7 6. Qe2 d5 7. Nxe5 Bd7 8. Bxc6 Bxc6 9. Re1 Bd7 10. Nd2 Nd6 11. Nf1 Nc8 12. Bg5 0-0 13. Bxe7 Qxe7 14. Qf3 Qd6 15. Ne3 Ne7 16. c4 Be6 17. c5 Qd8 18. g3 c6 19. b4 f6 20. Nd3 Qd7 21. Nf4 Rae8 22. g4 Bf7 23. h4 g5 24. Ne2 Bg6 25. h5 Be4 26. Qg3 f5 27. f4 fxg4 28. Nxg4 Nf5 29. Qh3 Qd8 30. fxg5 Qxg5 31. Kh2 Nh4 32. Rf1 Bf3 33. Ne5 Bxe2 34. Rg1 Rf2+ 35. Kh1 Rxe5 36. Rxg5+ Rxg5 37. Qe6+ Kh8 38. Qe8+ Kg7 39. h6+ Kxh6 40. Qe6+ Kh5 41. Qe8+ Ng6 0-1

[Event "Bratto op 26th"]
[Site "Bratto"]
[Date "2006.08.27"]
[Round "9"]
[White "Andreoli, Renato"]
[Black "Radice, Luca"]
[Result "1-0"]
[WhiteElo "2137"]
[BlackElo "2081"]
[PlyCount "139"]
[EventDate "2006.08.19"]
[EventType "swiss"]
[EventRounds "9"]
[EventCountry "ITA"]
[SourceTitle "CBM 113 Extra"]
[Source "ChessBase"]
[SourceDate "2006.09.14"]
[SourceVersion "1"]
[SourceVersionDate "2006.09.14"]
[SourceQuality "1"]

1. Nf3 d6 2. d4 f5 3. Nc3 Nf6 4. Qd3 d5 5. Bf4 c6 6. Ne5 Qa5 7. Bd2 Qb6 8. 0-0-0 e6 9. g4 Nbd7 10. gxf5 exf5 11. f3 Bd6 12. Nxd7 Bxd7 13. Bh3 g6 14. e4 fxe4 15. fxe4 Nxe4 16. Nxe4 dxe4 17. Qxe4+ Kd8 18. Bxd7 Kxd7 19. Rhf1 Rhf8 20. Qg4+ Kc7 21. Qh4 Qa6 22. Rxf8 Rxf8 23. Qxh7+ Kc8 24. Qh3+ Kc7 25. Qh7+ Kc8 26. Qh3+ Kc7 27. a3 Qe2 28. Qh7+ Kc8 29. Re1 Qxh2 30. Qxg6 Bf4 31. Qg4+ Kd8 32. Bxf4 Qxf4+ 33. Qxf4 Rxf4 34. c3 Rf2 35. c4 Kd7 36. Rd1 b5 37. cxb5 cxb5 38. Rd2 Rf1+ 39. Rd1 Rf2 40. Rd2 Rf1+ 41. Kc2 Kd6 42. Kc3 a5 43. Rh2 Rf3+ 44. Kc2 b4 45. axb4 axb4 46. Rh5 b3+ 47. Kd2 Rg3 48. Re5 Rg4 49. Kc3 Rg3+ 50. Kc4 Rg4 51. Rb5 Kc6 52. Rxb3 Rh4 53. Re3 Rh2 54. b4 Rc2+ 55. Rc3 Rd2 56. Rc1 Kd6 57. Rh1 Rc2+ 58. Kb5 Kd5 59. Kb6 Kxd4 60. Rh5 Rg2 61. b5 Rg6+ 62. Ka7 Rg7+ 63. Ka6 Rg1 64. b6 Ra1+ 65. Kb7 Rc1 66. Ka8 Ra1+ 67. Kb8 Rb1 68. b7 Rb2 69. Kc7 Rc2+ 70. Kb6 1-0

[Event "Bratto op 25th"]
[Site "Bratto"]
[Date "2005.08.25"]
[Round "6"]
[White "Cereda, Loris"]
[Black "Andreoli, Renato"]
[Result "1/2-1/2"]
[WhiteElo "2059"]
[BlackElo "2154"]
[PlyCount "46"]
[EventDate "2005.08.20"]
[EventType "swiss"]
[EventRounds "9"]
[EventCountry "ITA"]
[SourceTitle "CBM 108 Extra"]
[Source "ChessBase"]
[SourceDate "2005.11.04"]
[SourceVersion "1"]
[SourceVersionDate "2005.11.04"]
[SourceQuality "1"]

1. e4 e5 2. Nc3 Nc6 3. Bc4 Nf6 4. d3 Bc5 5. Nf3 d6 6. Na4 Bb6 7. c3 Be6 8. Bxe6 fxe6 9. 0-0 0-0 10. Nxb6 axb6 11. Ng5 Qe7 12. Qb3 Rae8 13. f4 exf4 14. Bxf4 Kh8 15. Qc2 h6 16. Nh3 e5 17. Be3 Ng4 18. Qe2 Qh4 19. Rf3 Nd8 20. Raf1 Ne6 21. Rxf8+ Rxf8 22. Rxf8+ Nxf8 23. Bf2 Nxf2 1/2-1/2

[Event "Bergamo op 4th"]
[Site "Bergamo"]
[Date "2005.07.31"]
[Round "6"]
[White "Marmili, Giulio"]
[Black "Andreoli, Renato"]
[Result "1-0"]
[WhiteElo "2012"]
[BlackElo "2154"]
[PlyCount "69"]
[EventDate "2005.07.29"]
[EventType "swiss"]
[EventRounds "6"]
[EventCountry "ITA"]
[SourceTitle "EXT 2007"]
[Source "ChessBase"]
[SourceDate "2006.11.23"]
[SourceVersion "1"]
[SourceVersionDate "2006.11.23"]
[SourceQuality "1"]

1. c4 Nf6 2. g3 e6 3. Bg2 d5 4. Qb3 Be7 5. Nf3 0-0 6. d3 Nbd7 7. 0-0 b6 8. cxd5 exd5 9. d4 Bb7 10. Nc3 c5 11. dxc5 Nxc5 12. Qd1 Nfe4 13. Nb5 Bf6 14. Nbd4 Re8 15. Be3 Qd7 16. Rc1 Rac8 17. Rc2 Na4 18. Qb1 Rxc2 19. Qxc2 Rc8 20. Qb1 Nd6 21. Bg5 Bxd4 22. Nxd4 Qg4 23. Bf4 Re8 24. Qc2 Nc5 25. b4 Na6 26. Bxd6 Qxd4 27. b5 Nc5 28. Bxc5 bxc5 29. Rd1 Qe5 30. e3 c4 31. a4 g6 32. h4 Bc8 33. Rxd5 Qe6 34. Qxc4 Qb6 35. Qc6 1-0

[Event "Bratto op 24th"]
[Site "Bratto"]
[Date "2004.08.25"]
[Round "6"]
[White "Andreoli, Renato"]
[Black "Raselli, Claudio"]
[Result "1-0"]
[WhiteElo "2200"]
[BlackElo "2061"]
[PlyCount "75"]
[EventDate "2004.08.20"]
[EventType "swiss"]
[EventRounds "9"]
[EventCountry "ITA"]
[SourceTitle "CBM 101 Extra"]
[Source "ChessBase"]
[SourceDate "2004.09.01"]
[SourceVersion "2"]
[SourceVersionDate "2004.09.01"]
[SourceQuality "1"]

1. Nf3 d5 2. g3 Nf6 3. Bg2 c5 4. 0-0 Nc6 5. d4 e6 6. c4 Be7 7. dxc5 Bxc5 8. a3 dxc4 9. Qa4 0-0 10. Qxc4 Qe7 11. Nc3 a6 12. Bg5 Ba7 13. Rad1 Bd7 14. Qh4 h6 15. Bxf6 gxf6 16. Qxh6 f5 17. e4 fxe4 18. Nxe4 f5 19. Qg6+ Kh8 20. Qh6+ Kg8 21. Rxd7 Qxd7 22. Nf6+ Rxf6 23. Qxf6 Bd4 24. Nxd4 Nxd4 25. Qg6+ Kh8 26. Qh5+ Kg7 27. Qg5+ Kf7 28. Qh5+ Kg7 29. h4 Rc8 30. Qg5+ Kf7 31. h5 Rg8 32. Qe3 Rh8 33. Rd1 Rd8 34. Kh2 b5 35. Qh6 Rg8 36. Qh7+ Rg7 37. Qh8 f4 38. h6 1-0

[Event "Caorle op"]
[Site "Caorle"]
[Date "1989.??.??"]
[Round "2"]
[White "Portenier, Juerg"]
[Black "Andreoli, Renato"]
[Result "1-0"]
[WhiteElo "2230"]
[BlackElo "2040"]
[PlyCount "73"]
[EventDate "1989.07.??"]
[EventType "swiss"]
[EventRounds "8"]
[EventCountry "ITA"]
[SourceTitle "EXT 2000"]
[Source "ChessBase"]
[SourceDate "1999.11.16"]
[SourceVersion "1"]
[SourceVersionDate "1999.11.16"]
[SourceQuality "1"]

1. Nf3 Nf6 2. b3 b6 3. Bb2 Bb7 4. c4 e6 5. g3 Be7 6. Bg2 0-0 7. 0-0 d5 8. d3 Nbd7 9. Nbd2 a5 10. a3 c5 11. Qc2 d4 12. e4 e5 13. Nh4 g6 14. Qd1 Ne8 15. Ndf3 Ng7 16. Bc1 f5 17. Qe2 f4 18. Bh3 Bf6 19. Ng2 g5 20. Nfe1 h5 21. f3 Qe8 22. Kh1 Bc8 23. gxf4 exf4 24. Bxf4 gxf4 25. Nxf4 Ne5 26. Bxc8 Rxc8 27. Nd5 Bd8 28. f4 Ng6 29. Qg2 Ne7 30. Rg1 Qf7 31. Nf3 Nxd5 32. cxd5 Rc7 33. f5 Bf6 34. d6 Ra7 35. e5 Bxe5 36. Nxe5 Qxf5 37. Nc6 1-0

[Event "Caorle op"]
[Site "Caorle"]
[Date "1989.??.??"]
[Round "5"]
[White "Sinka, Brigitta"]
[Black "Andreoli, Renato"]
[Result "0-1"]
[WhiteElo "2045"]
[BlackElo "2040"]
[PlyCount "92"]
[EventDate "1989.07.??"]
[EventType "swiss"]
[EventRounds "8"]
[EventCountry "ITA"]
[SourceTitle "EXT 2000"]
[Source "ChessBase"]
[SourceDate "1999.11.16"]
[SourceVersion "1"]
[SourceVersionDate "1999.11.16"]
[SourceQuality "1"]

1. d4 Nf6 2. Nf3 e6 3. Bf4 c5 4. e3 b6 5. Nbd2 Bb7 6. h3 Be7 7. Bd3 0-0 8. 0-0 Nc6 9. c3 d6 10. Qe2 Rc8 11. Rad1 Re8 12. Bb1 Qc7 13. dxc5 bxc5 14. Nb3 Ne5 15. Bxe5 dxe5 16. c4 e4 17. Ne1 Red8 18. Nc2 Qe5 19. Na3 Bd6 20. g3 h5 21. Nb5 Bb8 22. Rxd8+ Rxd8 23. Kh2 h4 24. Rg1 Nh7 25. Nc3 Ng5 26. Rg2 Qf5 27. Qg4 Qxg4 28. hxg4 h3 29. Rg1 Nf3+ 30. Kh1 Nxg1 31. Kxg1 Ba6 32. Bxe4 Bxc4 33. Nxc5 Be5 34. N5a4 Rd2 35. b3 Bd3 36. Bxd3 Rxd3 37. Ne4 Rd1+ 38. Kh2 Ra1 39. Nac3 Bxc3 40. Nxc3 Rc1 41. Ne4 Rc2 42. a4 Rb2 43. Kxh3 Rxb3 44. g5 Rb4 45. f3 Rxa4 46. g6 Rxe4 0-1

[Event "Caorle op"]
[Site "Caorle"]
[Date "1988.??.??"]
[Round "7"]
[White "Andreoli, Renato"]
[Black "Glavinic, Thomas"]
[Result "1/2-1/2"]
[WhiteElo "2020"]
[BlackElo "2000"]
[PlyCount "32"]
[EventDate "1988.??.??"]
[EventType "swiss"]
[EventRounds "8"]
[EventCountry "ITA"]
[SourceTitle "EXT 1999"]
[Source "ChessBase"]
[SourceDate "1998.11.16"]
[SourceVersion "1"]
[SourceVersionDate "1998.11.16"]
[SourceQuality "1"]

1. Nf3 Nf6 2. g3 g6 3. Bg2 Bg7 4. 0-0 0-0 5. d4 d6 6. c4 c5 7. Nc3 Nbd7 8. d5 a6 9. a4 Re8 10. h3 Nf8 11. e4 e6 12. Re1 exd5 13. cxd5 N8d7 14. Bf4 Qc7 15. a5 Nh5 16. Bg5 Rb8 1/2-1/2

[Event "Caorle op"]
[Site "Caorle"]
[Date "1988.??.??"]
[Round "4"]
[White "Lagrotteria, Salvatore"]
[Black "Andreoli, Renato"]
[Result "1/2-1/2"]
[WhiteElo "2045"]
[BlackElo "2020"]
[PlyCount "42"]
[EventDate "1988.??.??"]
[EventType "swiss"]
[EventRounds "8"]
[EventCountry "ITA"]
[SourceTitle "EXT 1999"]
[Source "ChessBase"]
[SourceDate "1998.11.16"]
[SourceVersion "1"]
[SourceVersionDate "1998.11.16"]
[SourceQuality "1"]

1. e4 e5 2. Nf3 Nc6 3. Bb5 Nf6 4. 0-0 Nxe4 5. d4 Be7 6. Qe2 d5 7. Nxe5 Bd7 8. Nxc6 bxc6 9. Bd3 0-0 10. Bxe4 dxe4 11. Qxe4 Bd6 12. Nc3 Re8 13. Qf3 Qh4 14. g3 Qxd4 15. Be3 Qb4 16. Rab1 a5 17. a3 Qc4 18. Qg2 Rab8 19. Rfd1 Bg4 20. Qf1 Qxf1+ 21. Rxf1 Bc5 1/2-1/2

[Event "Caorle op"]
[Site "Caorle"]
[Date "1988.??.??"]
[Round "5"]
[White "Mazzotti, Carlo"]
[Black "Andreoli, Renato"]
[Result "1/2-1/2"]
[WhiteElo "1950"]
[BlackElo "2020"]
[PlyCount "52"]
[EventDate "1988.??.??"]
[EventType "swiss"]
[EventRounds "8"]
[EventCountry "ITA"]
[SourceTitle "EXT 1999"]
[Source "ChessBase"]
[SourceDate "1998.11.16"]
[SourceVersion "1"]
[SourceVersionDate "1998.11.16"]
[SourceQuality "1"]

1. e4 e5 2. Nf3 Nc6 3. Bb5 Nf6 4. 0-0 Nxe4 5. d4 Be7 6. Re1 Nd6 7. Bxc6 dxc6 8. dxe5 Nf5 9. Qxd8+ Bxd8 10. Nc3 Be7 11. g4 Nh4 12. Nxh4 Bxh4 13. Re4 Be7 14. Be3 h5 15. h3 hxg4 16. hxg4 Rh4 17. f3 Bd7 18. Kg2 0-0-0 19. Bf2 Rh7 20. Rh1 Rxh1 21. Kxh1 Be6 22. Rd4 Rh8+ 23. Kg2 Bc5 24. Rd2 Bb4 25. a3 Bxc3 26. bxc3 b6 1/2-1/2